Statistiken für Verpixelte TV-Serien-Poster

Klicken Sie hier um das Quiz zu spielen!

Allgemein

  • Dieses Quiz wurde 392 mal gespielt
    (391 seit der letzten Aktualisierung)
  • Das Durchschnittsergebnis liegt bei 16 aus 24

Antwortstatistiken

Antwort% Korrekt
Game of Thrones
89%
Rick and Morty
89%
Breaking Bad
88%
Stranger Things
88%
The Blacklist
86%
The Last of Us
86%
Wednesday
86%
Sherlock
85%
One Piece
82%
The Witcher
79%
Lucifer
78%
Brooklyn Nine-Nine
73%
Prison Break
67%
The Walking Dead
64%
Loki
62%
Supernatural
58%
Vikings
57%
The Mandalorian
53%
Avatar: The Last Airbender
51%
Umbrella Academy
49%
The Boys
45%
Good Omens
35%
Hannibal
32%
House
31%

Verteilung der Resultate

Perzentil nach korrekt beantworteten Fragen

Anzahl Personen mit jedem Resultat

Ihre Resultats-Entwicklung

Sie haben dieses Quiz seit der letzten Aktualisierung nicht gespielt